000 00518nam a22001817a 4500
003 UA-OsUOA
001 16062
007 ta
008 20031218b un ||||| |||| 00| 0 ukr d
100 _aЩвець А.
942 _cSA
040 _aUA-OsUOA
_cUA-OsUOA
_dUA-OsUOA
245 _aЯк готується нова генерація [держ. службовців обл.]
300 _aС.3
955 _a0
773 0 _w0
_tВільне слово
_dРівне
_d2003
_g№99/12 груд./
650 7 _aКадри
_2UDC
999 _c302227
_d302227